Marvel: Avengers - Czas Ultrona - Statystyki

Ogólne statystyki
  • Ten quiz został rozwiązany 115 razy
  • Średni wynik to 11 z 24
Statystyki odpowiedzi
Pytanie Odpowiedź % Poprawnych
Kto pomógł Tony'emu Starkowi stworzyć program Ultron? Bruce Banner
95%
Które z rodzeństwa było starsze: Pietro czy Wanda? Pietro
84%
Kto zniszczył pierwotną formę Ultrona? Wanda Maximoff / Scarlet Witch
75%
Czyja córka nazywała Czarną Wdowę "ciocią Nat"? Hawkeye'a / Clinta Bartona
70%
Na czyjej farmie ukryli się Avengersi po bitwie z Ultronem i Maximoffami? Hawkeye'a / Clinta Bartona
70%
Jaki przydomek miała Wanda Maximoff? Scarlet Witch
70%
Kto uniemożliwił Ultronowi zdobycie kodów wystrzału nuklearnego? J.A.R.V.I.S.
66%
Jaki przydomek miał Pietro Maximoff? Quicksilver
66%
Jaką sztuczną inteligencję Tony Stark wgral do androida, tworząc Visiona? J.A.R.V.I.S-a
59%
Kto podczas bitwy na Sokowii sprawił, że ultron nie zdołał wgrać swojej świadomości do Internetu? Vision
53%
Jak nazywały się bliźnięta, które baron von Strucker zmienił w nadludzi, używając berła Lokiego? Wanda i Pietro Maximoff
48%
Jaki budynek Tony Stark i Pepper Potts przekształcili w nowy wieżowiec Avengers? Stark Tower
44%
Kto po zabiciu barona von Struckera napisał na ścianie następującą wiadomość do Avengersów : "Pokój"? Ultron
44%
Jak nazywała się sztuczna inteligencja, którą Tony Stark zastąpił J.A.R.V.I.S-a w zbroi Iron Mana? F.R.I.D.A.Y.
43%
Jakiego rzadkiego metalu poszukiwał Ultron, by stworzyć sobie z niego nowe ciało? Vibranium
43%
Jaką rzecz skradzioną przez Hydrę, Avengersi próbowali odzyskać? Berło Lokiego
39%
Czyjej pomocy potrzebowali Avengersi, gdy używali "kodu zielonego"? Hulka
38%
Jak nazywała się armia dronów kontrolowana przez J.A.R.V.I.S-a? Żelazny Legion
14%
Jakimi słowami Czarna Wdowa uspokajała Hulka? "...słonko już zachodzi"
13%
Co baron von Strucker nosił na prawym oku? Monokl
9%
W jakim kraju znajdowała się siedziba Hydry barona von Struckera? W Sokowii
9%
Jakim kodem posłużyła się Czarna Wdowa po tym, jak schwytał ją Ultron, by przekazać Avengersom swoją lokacje? Alfabetem Morse'a
4%
Jak miał na imię baron von Strucker? Wolfgang
3%
Co według Ultrona było konieczne, by ochronić Ziemię? Zniszczenie ludności
1%
Nie znaleziono quizów pasujących do podanych kryteriów
Rozkład punktacji
Procent ludzi z każdym wynikiem
Percentyl według liczby udzielonych odpowiedzi
Twoja historia wyników
Nie rozwiązałeś tego quizu